Datum a čas kvízu
38.5
Celkem bodů
Celkový počet nahraných bodů na tomto kvízu bez doplňovacích otázek.
7.
Pořadí na kvízu
Konečné umístění týmu na tomto kvízu.
Zaznamenané odpovědi
| # | Otázka | Odpověď | Body | Výsledky |
|---|---|---|---|---|
| 1. | V pondělí jsme se dozvěděli, ž... | nedodržení bezpečné vzdálenosti | 0 | |
| 2. | Zaměstnanec letiště Johna F. K... | C) živá kočka | 1 | |
| 3. | Jistá česká herečka má oficiál... | Simona Stašová | 0 | |
| 4. | V pondělí, po pěti dnech letu,... | Orion | 0 | |
| 5. | Ve dvou úvodních zápasech kter... | Polsko | 1 | |
| 6. | V následujících pěti otázkách... | bar, torr, atmosféra / pascal | 1 | |
| 7. | Která z následujících jednotek... | B | 1 | |
| 8. | Na lidské tělo, jehož odpor je... | 300 V | 1 | |
| 9. | Přiřaďte tyto jednotky k přísl... | 1D 2C 3A 4B | 1 | |
| 10. | Bušl je stará objemová a hmotn... | A | 0 |